| 000 | 00388nam a2200145Ia 4500 | ||
|---|---|---|---|
| 008 | 150128s9999 xx 000 0 und d | ||
| 020 | _a0743482743 | ||
| 050 |
_aCLA _bSh1t 1992 |
||
| 100 | _aShakespeare, William. | ||
| 245 | _aJulius Caesar / | ||
| 250 | _aWilliam Shakespeare. | ||
| 260 |
_aNew York: _bStripped Books, _c1992. |
||
| 300 |
_a239 pages : _c18 cm. |
||
| 650 | _xFiction. | ||
| 999 |
_c278896 _d278896 |
||